| 000 | 00997nam a2200217Ia 4500 | ||
|---|---|---|---|
| 001 | 790.9-MAM sa fi (19614) | ||
| 003 | IT-MiSPE | ||
| 008 | 171229s9999||||xx |||||||||||||| ||und|| | ||
| 040 |
_aIT-MiSPE _cIT-MiSPE |
||
| 041 | _aITALIANO | ||
| 100 | _aSara Mamone | ||
| 245 | 0 |
_aFirenze e Parigi _bDue capitali dello spettacolo per una regina: Maria de' Medici |
|
| 250 | _a1a ed. (v) | ||
| 260 |
_aCinisello B.mo (MI) _bA. Pizzi _c1987 |
||
| 300 |
_a279 p. _c34 cm |
||
| 501 | _aEdizioni San Paolo srl - Piazza Soncino, 5 - 20092 CINISELLO BALSAMO (MI) (non commercial uses only) ® Copyright 2018 | ||
| 520 | _aIll. | ||
| 942 | _cBK | ||
| 957 | _71 | ||
| 999 |
_a6021 _bNO _g Copie: 1 _c351992 _d351992 |
||